| 000 | 00346nam a2200145 a 4500 | ||
|---|---|---|---|
| 001 | 1184 | ||
| 003 | CDMR | ||
| 005 | 20130116135202.0 | ||
| 008 | 130130s1997||||||||||||||||||||||||||||d | ||
| 040 |
_aCDMR _bcat _cCPC GIRONA |
||
| 100 | 1 |
_aSala, Toni _9927 |
|
| 245 | 1 | 0 |
_aEntomologia _bEl balancĂ _cSala, Toni |
| 260 |
_c1997 _bEdicions 62 |
||
| 942 | _cMON | ||
| 999 |
_c1184 _d1184 |
||